Анализ технологического процесса изготовления циклоидального профиля деталей передачи с промежуточными телами качения; Известия Самарского научного центра РАН; Т. 17, № 2 (4)

Bibliographic Details
Parent link:Известия Самарского научного центра РАН.— , 1999-
Т. 17, № 2 (4).— 2015.— [С. 868-873]
Main Author: Покатилов Д. А. Дмитрий Андреевич
Corporate Author: Национальный исследовательский Томский политехнический университет Институт физики высоких технологий Кафедра физики высоких технологий в машиностроении
Other Authors: Ефременков Е. А. Егор Алексеевич
Summary:Заглавие с экрана
Выполнен анализ наиболее ответственных деталей передачи с промежуточными телами качения, рассмотрен технологический процесс изготовления колеса с циклоидальным профилем. Выполнен анализ недостатков рассмотренного технологического процесса. Предложен вариант изменения технологического процесса изготовления профильного колеса, позволяющий снизить себестоимость детали.
The analysis of most responsible details of transfer with intermediate rolling elements is made, technological process of production of a wheel with cycloidal profile is considered. The analysis of shortcomings of the considered technological process is made. The option of change the technological process of production of profile wheel allowing to reduce prime cost of a detail is offered.
Режим доступа: по договору с организацией-держателем ресурса
Language:Russian
Published: 2015
Subjects:
Online Access:http://elibrary.ru/item.asp?id=24318795
Format: Electronic Book Chapter
KOHA link:https://koha.lib.tpu.ru/cgi-bin/koha/opac-detail.pl?biblionumber=648407

MARC

LEADER 00000naa0a2200000 4500
001 648407
005 20250221104003.0
035 |a (RuTPU)RU\TPU\network\13564 
090 |a 648407 
100 |a 20160519d2015 k||y0rusy50 ca 
101 0 |a rus 
102 |a RU 
135 |a drcn ---uucaa 
181 0 |a i  
182 0 |a b 
200 1 |a Анализ технологического процесса изготовления циклоидального профиля деталей передачи с промежуточными телами качения  |d The analysis of technological process production of cycloidal profile of transfer details with intermediate rolling elements  |f Д. А. Покатилов, Е. А. Ефременков 
203 |a Текст  |c электронный 
300 |a Заглавие с экрана 
320 |a [Библиогр.: с. 873 (11 назв.)] 
330 |a Выполнен анализ наиболее ответственных деталей передачи с промежуточными телами качения, рассмотрен технологический процесс изготовления колеса с циклоидальным профилем. Выполнен анализ недостатков рассмотренного технологического процесса. Предложен вариант изменения технологического процесса изготовления профильного колеса, позволяющий снизить себестоимость детали. 
330 |a The analysis of most responsible details of transfer with intermediate rolling elements is made, technological process of production of a wheel with cycloidal profile is considered. The analysis of shortcomings of the considered technological process is made. The option of change the technological process of production of profile wheel allowing to reduce prime cost of a detail is offered. 
333 |a Режим доступа: по договору с организацией-держателем ресурса 
461 |t Известия Самарского научного центра РАН  |d 1999- 
463 |t Т. 17, № 2 (4)  |v [С. 868-873]  |d 2015 
510 1 |a The analysis of technological process production of cycloidal profile of transfer details with intermediate rolling elements  |z eng 
610 1 |a электронный ресурс 
610 1 |a труды учёных ТПУ 
610 1 |a циклоидальные передачи 
610 1 |a профиль 
610 1 |a сепараторы 
610 1 |a электроэрозионная обработка 
610 1 |a фрезерование 
700 1 |a Покатилов  |b Д. А.  |g Дмитрий Андреевич 
701 1 |a Ефременков  |b Е. А.  |c специалист в области машиностроения  |c доцент Томского политехнического университета, кандидат технических наук  |f 1975-  |g Егор Алексеевич  |3 (RuTPU)RU\TPU\pers\25819  |9 11692 
712 0 2 |a Национальный исследовательский Томский политехнический университет  |b Институт физики высоких технологий  |b Кафедра физики высоких технологий в машиностроении  |3 (RuTPU)RU\TPU\col\18687  |9 27140 
801 2 |a RU  |b 63413507  |c 20160519  |g RCR 
856 4 |u http://elibrary.ru/item.asp?id=24318795 
942 |c CF